The house of science /

Bibliografiske detaljer
Hovedforfatter: Holzinger, Philip R.
Format: Bog
Sprog:English
Udgivet: New York : Wiley, c1990.
Serier:Wiley science editions
Fag:
Classic Catalogue: View this record in Classic Catalogue
LEADER 01091nam a2200289 a 4500
001 413
003 BD-DhAAL
005 20150305120531.0
008 150305s1990 nyua 001 0 eng
010 |a  89037619  
020 |a 0471500615 
020 |a 0471510521 (pbk.) 
040 |a DLC  |c DLC  |d DLC  |d BD-DhAAL 
050 0 0 |a Q161.2  |b .H63 1990 
082 0 0 |a 500  |2 20 
100 1 |a Holzinger, Philip R.  |9 9100 
245 1 4 |a The house of science /  |c Philip R. Holzinger. 
260 |a New York :  |b Wiley,  |c c1990. 
300 |a x, 227 p. :  |b ill. ;  |c 26 cm. 
490 |a Wiley science editions 
500 |a Includes index. 
541 |e Wiley science editions 
650 0 |a Science.  |9 9101 
942 |2 ddc  |c BK 
999 |c 33895  |d 33895 
952 |0 0  |1 0  |2 ddc  |4 0  |6 500_000000000000000_HOL  |7 0  |9 52906  |a SCL  |b SCL  |c GEN  |d 2015-03-05  |e Gift: The Asia Foundation  |l 1  |m 2  |o 500 HOL  |p 3020000413  |r 2024-06-04  |s 2024-06-01  |t 1  |w 2015-03-05  |y BK 
952 |0 0  |1 0  |2 ddc  |4 0  |6 500_000000000000000_HOL  |7 0  |9 53223  |a SCL  |b SCL  |c GEN  |d 2015-03-19  |e Gift: The Asia Foundation  |l 1  |o 500 HOL  |p 3020000412  |r 2017-07-22  |s 2017-07-15  |t 2  |w 2015-03-19  |y BK